000 01194nam a2200337 a 4500
001 000111142
003 CHAP
005 20220329144200.0
008 141208s2014 mx a |r| |||||||spa d
010 _a107604
011 _a108576
020 _a9786074511000
040 _cCHAP
082 0 4 _a378.72
_bR44
111 2 0 _aReunión de Reflexión y Análisis sobre el Presente y el Futuro de la Educación Media Superior Universitaria
_d(2014:
_cMéxico, D.F)
_9128949
245 1 0 _aMemoria de la reunión reflexión y análisis sobre el presente y el futuro de la Educación Media Superior Universitaria /
_cpor ANUIES.
260 _aMéxico, D.F. :
_bANUIES,
_c2014.
300 _a515 p. :
_bil.
490 1 _aColección documentos
590 _aBATCH-UPD
_b05
_c20141208
_lUCH01
_h1453
590 _aE11695DGD
_b10
_c20141209
_lUCH01
_h0956
590 _aE6096MTM
_b05
_c20141208
_lUCH01
_h1452
590 _aE6096MTM
_b05
_c20141209
_lUCH01
_h1023
590 _aE6096MTM
_b05
_c20141209
_lUCH01
_h1143
650 1 4 _aEducación media superior.
_935578
650 1 4 _aUniversidades
_xMéxico.
_9116657
830 0 _aColección documentos
_924828
901 _aBK
942 _cLIBRO
942 _n0
999 _c107604
_d107604